00906nam a2200229 a 4500001001000000003000500010005001700015008004100032010001100073011001100084040000900095100003500104245016600139260004100305500006000346502010300406650002800509650001300537650003500550650002100585856007000606000111983CHAP20220329144240.0151112s2015 mx a |sm |||||||spa d a108444 a109416 cCHAP1 aRodríguez González, Mayela10aEvaluación de microorganismos eficaces para la obtención de abono orgánico a partir de estiércol bovinoh[En línea]cpor Mayela Rodríguez González. aBermijillo, Dgo. :bEl autor,c2015. aPara ver el contenido del material haga clic en la liga aTesis (Ingeniero en Sistemas Agrícolas) -- UACH. Unidad Regional Universitaria de Zonas Áridas14aAgricultura orgánica.14aCompost.14aEstiércol como fertilizante.14aMicroorganismos. aFinding aiduhttp://10.13.5.2/tesis/sist111983.pdfzTeclea aquí